|
|
|
|
| LEADER |
00000nab a2200000ua 4500 |
| 001 |
vtls010804449 |
| 003 |
SK-MaSNL |
| 005 |
20260303104026.0 |
| 008 |
230121s1977 xo |||||||||||||||||slo| |
| 035 |
|
|
|a (urnnbn)urn:nbn:sk:snk:ar-004rhb
|
| 035 |
|
|
|a (uuid)58e6fa06-c3ae-4fb2-b424-60ca12323c64
|
| 035 |
|
|
|a urn:nbn:sk:snk-ab44z6
|
| 040 |
|
|
|a SNKBUCL
|b slo
|c SNKBUCL
|e AACR2
|
| 041 |
0 |
|
|a slo
|
| 044 |
|
|
|a xo
|c SK
|
| 100 |
1 |
|
|a Borovanský, Alois,
|d 1922-2019
|4 aut
|9 224490
|
| 245 |
1 |
0 |
|a A. KOROLKOVAS, J. H. BURCKHALTER ESSENTIALS OF MEDICINAL CHEMISTRY
|c A. Borovanský
|
| 773 |
0 |
|
|t Farmaceutický obzor : odborný časopis Ministerstva zdravotníctva Slovenskej republiky a Slovenskej zdravotníckej univerzity v Bratislave
|g Roč. 46, č. 10 (1977), s. 448
|
| 954 |
|
|
|a odborná, vedecká literatúra pôvodná (slovenská)
|2 lita
|
| 958 |
|
|
|a OND
|
| 958 |
|
|
|a EUIPO
|
| 958 |
|
|
|a article3
|
| 999 |
|
|
|c 1853713
|d 1855643
|